00467nam a2200133Ia 4500008004100000040001800041041000800059100002200067245007000089260005800159300001800217490005300235651004500288130821s1986 ck gr spa  aCo-BoUCMbspa00aspa aLemaitre, Eduardo00aBreve historia de Cartagena de Indias 1501-1901cEduardo Lemaitre aBogotá (Colombia)bCámara de Representantesc1986 a262 páginas aColección "Pensadores políticos colombianos" aCartagena de Indias (Colombia)xHistoria